États américains qui commencent par C - Statistiques

Statistiques générales
  • Ce quiz a été pris 105 fois
    101 depuis la dernière actualisation
  • Le résultat moyen est 4 sur 5
Statistiques - réponses
Réponse % Correct
Californie
84%
Colorado
80%
Caroline du nord
71%
Caroline du sud
70%
Connecticut
69%
Aucun quiz correspondant
Distribution des résultats
% des personnes avec chaque résultat
Percentile par nombre de réponses
Votre historique - résultats
Vous n’avez pas pris ce quiz depuis la dernière actualisation